| 000 | 00852cam a22002651 4500 | ||
|---|---|---|---|
| 001 | e 24000049 | ||
| 003 | DLC | ||
| 005 | 20260227111215.0 | ||
| 008 | 780718s1923 dcu 000 0 eng | ||
| 010 | _ae 24000049 | ||
| 035 | _a(OCoLC)4060487 | ||
| 040 |
_aDLC _cDNIE _dDLC |
||
| 050 | 0 | 0 |
_aL111 _b.A6 1923, no. 42 |
| 051 |
_aLB1028 _b.B3 |
||
| 100 | 1 |
_aBaldwin, Bird T. _q(Bird Thomas), _d1875-1928. |
|
| 245 | 1 | 0 |
_aEducational research, _cby Bird T. Baldwin, assisted by Madorah Smith. |
| 260 |
_aWashington, _bGovt. print. off., _c1923. |
||
| 300 |
_aiii, 76 p. _c23 cm. |
||
| 410 | 1 | 0 |
_aUnited States. _bBureau of Education. _tBulletin, _v1923, no. 42. |
| 500 | _aAt head of title: Department of interior... | ||
| 504 | _aBibliography: p. 52-76. | ||
| 650 | 0 | _aResearch. | |
| 650 | 0 | _aEducation. | |
| 700 | 1 |
_aSmith, Madorah, _ejoint author. |
|
| 999 |
_c20681 _d20681 |
||